Langues officielles - Statistiques

Statistiques générales
  • Ce quiz a été pris 179 fois
  • Le résultat moyen est 24 sur 35
Statistiques - réponses
Hint Réponse % Correct
Allemand Allemagne
99%
Suedois Suede
99%
Turc Turquie
98%
Hindi Inde
97%
Serbe Serbie
97%
Coréen Corée du Sud
96%
Coréen Corée du Nord
95%
Catalan Espagne
95%
Allemand Autriche
93%
Allemand Suisse
91%
Suedois Finlande
89%
Malais Malaisie
89%
Catalan Andorre
82%
Serbe Bosnie-Herzégovine
82%
Malais Indonesie
82%
Allemand Liechtenstein
82%
Allemand Belgique
78%
Serbe Kosovo
77%
Allemand Luxembourg
76%
Serbe Montenegro
76%
Turc Chypre
68%
Malais Singapour
68%
Tswana Botswana
65%
Tswana Afrique du Sud
61%
Malais Brunei
58%
Tswana Zimbabwe
49%
Manding Mali
39%
Tigrigna Ethiopie
36%
Manding Senegal
36%
Tigrigna Erythrée
32%
Manding Guinée
32%
Manding Burkina Faso
28%
Aymara Bolivie
27%
Aymara Perou
27%
Hindi Fidji
9%
Aucun quiz correspondant
Distribution des résultats
% des personnes avec chaque résultat
Percentile par nombre de réponses
Votre historique - résultats
Vous n’avez pas pris ce quiz